Stock market primer
Đã lưu trong:
| Tác giả chính: | |
|---|---|
| Định dạng: | Sách |
| Ngôn ngữ: | Undetermined |
| Được phát hành: |
New York
Warner Communications
1974
|
| Những chủ đề: | |
| Các nhãn: |
Thêm thẻ
Không có thẻ, Là người đầu tiên thẻ bản ghi này!
|
| Thư viện lưu trữ: | Trung tâm Học liệu Trường Đại học Cần Thơ |
|---|
| LEADER | 00501nam a2200193Ia 4500 | ||
|---|---|---|---|
| 001 | CTU_99545 | ||
| 008 | 210402s9999 xx 000 0 und d | ||
| 082 | |a 332.678 | ||
| 082 | |b R828 | ||
| 100 | |a Rosenberg, Claude N. | ||
| 245 | 0 | |a Stock market primer | |
| 245 | 0 | |c Claude N. Rosenberg | |
| 260 | |a New York | ||
| 260 | |b Warner Communications | ||
| 260 | |c 1974 | ||
| 650 | |a Stocks | ||
| 650 | |z United states | ||
| 904 | |i Tuyến | ||
| 980 | |a Trung tâm Học liệu Trường Đại học Cần Thơ | ||